• 首页
  • 本馆介绍
  • 公告通知
  • 最新文献
  • 馆藏检索
  • 电子资源
  • 读者导购
  • 参考咨询
  • 我的图书馆
  • 登录
  • 详细信息显示
  • 放入我的书架
  • 预约/预借图书
  • 作者相关作品
  • 分类相关作品
  • 丛书相关作品
  • 出版社相关作品

书目信息

  • 表格格式
  • 工作单格式
  • 卡片格式
题名:
30部必读的经济学经典
    
 
作者: 胡井丹 , 蒋艳娇 , 王佳莹 编著
分册:  
出版信息: 北京   北京工业大学出版社  2006.01
页数: 262页
开本: 24cm
丛书名: 《大师经典·读书计划》丛书
单 册:
中图分类: F0
科图分类:
主题词: 经济学--jing ji xue--著作--简介--世界 , 经济学--jing ji xue , 政治经济学
电子资源:
ISBN: 7-5639-1607-5
000 01143oam2 2200301 450
001 003055487
005 20060424095213.82
010    @a7-5639-1607-5@dCNY26.80
100    @a20060104d2006 em y0chiy0110 ea
101 0  @achi
102    @aCN@b110000
105    @aa z 000yy
200 1  @a30部必读的经济学经典@A30 bu bi du de jing ji xue jing dian@e推介·导读@Etui jie· dao du@f胡井丹,蒋艳娇,王佳莹编著@Fhu jing dan, jiang yan jiao, wang jia ying bian zhu
210    @a北京@c北京工业大学出版社@d2006.01
215    @a262页@c照片@d24cm
225 2  @a《大师经典·读书计划》丛书@A《 da shi jing dian· du shu ji hua》 cong shu
330    @a本书介绍了《经济表》、《国富论》、《人口原理》、《政治经济学概论》、《政治经济学及赋税原理》等经济学名著精华。
510 1  @aEconomics classics@zeng
606 0  @a经济学@Ajing ji xue@x著作@x简介@y世界
606 0  @a经济学@Ajing ji xue
606 0  @a政治经济学
690    @aF0@v4
701  0 @a胡井丹@Ahu jing dan@4编著
701  0 @a蒋艳娇@Ajiang yan jiao@4编著
701  0 @a王佳莹@Awang jia ying@4编著
801  0 @aCN@bNLC@c20060424
905    @aBZT@dF0@e5@f6
906    @dCNY26.80@n0@r1
    
    30部必读的经济学经典:推介·导读/胡井丹,蒋艳娇,王佳莹编著.-北京:北京工业大学出版社,2006.01
    262页:照片;24cm.-(《大师经典·读书计划》丛书)
    
    
    ISBN 7-5639-1607-5:CNY26.80
    本书介绍了《经济表》、《国富论》、《人口原理》、《政治经济学概论》、《政治经济学及赋税原理》等经济学名著精华。
●
相关链接 在五车中查询图书 在当当中查询图书 在豆瓣中查询图书


正题名:30部必读的经济学经典     索取号:F0/5         预约/预借

序号 登录号 条形码 馆藏地/架位号 状态 备注
1 0441515   201286759   样本书库/样007架B面4层1列/ [索取号:F0/5] 在馆    
2 0441516   201286740   中心书库北库/ 北库006架A面1列3层16/ [索取号:F0/5] 在馆    
3 0441517   201286777   中心书库北库/ 北库006架A面1列3层17/ [索取号:F0/5] 在馆    
4 0441518   201286768   中心书库北库/ 北库006架A面1列3层18/ [索取号:F0/5] 在馆    
5 0441519   201286795   中心书库北库/ 北库006架A面1列3层20/ [索取号:F0/5] 在馆    
6 0441520   201286786   中心书库北库/ 北库006架A面1列3层19/ [索取号:F0/5] 在馆    
山东省滨州职业学院图书馆 欢迎您!
大连网信软件有限公司© 版权所有